March 2025 NCS Songs - Statistics

General Stats
  • This quiz has been taken 8 times
  • The average score is 10 of 14
Answer Stats
Genre Circle Artist Song % Correct
Trance White NIVIRO Dancefloor Dreamer
100%
Hybrid Trap/Chiptune Green Warriyo Dunes
100%
Electronic Pop Orange m3gatron Love Letter
100%
Tech House Purple Bad Computer Move Like This
100%
Happy Hardcore White Tatsunoshin and No Hero All or Nothing
80%
Jump-Up DnB Pink Cartoon, NCT, Southby, and Emily J Bounce on Da Riddim
80%
Future Bass Green Lost Sky and Anna Yvette Carry On
80%
Future Bass Lavender JJD, Azertion, and PhiloSofie Lighthouse
80%
Midtempo House Yellow Tobu Live Your Life
80%
Brazilian Phonk Teal Scythermane, SH3RWIN, and NXGHT! DANÇA DO VERAO
60%
Pop White NAYM Signs
60%
DnB Pink Immy Odon Back to Default
40%
Techno White Zeli Hold It Up To the Light
40%
Pop White NAYM River
20%
No matching quizzes found
Score Distribution
Percent of People with Each Score
Percentile by Number Answered
Your Score History
You have not taken this quiz